01668 2200625 4500001002100000005001500021035002500036007000300061008004100064020002200105040001700127082001700144084001700161090002100178090001900199090002100218100002400239245009200263250002000355260003400375300004600409650003100455700001300486700002000499850001200519999002100531990002100552990001700573990001700590990001700607990001700624990001700641990001700658990001700675990001700692990001700709990001700726990001800743990001800761990001800779990002100797990001700818990001700835990001700852990001700869990001700886990001700903990001700920990001700937990001700954990001700971990001800988990001801006990001801024INLIS00000000000896620200220024953 a0010-081500000000404ta150805s2015 yoia c ind d a978-979-21-4179-5 aYOPDYOGbind042[23]a613.95 a613.95 ARI a aDEP 613.95 ARI a aK 613.95 Ari A aCB-D.11 2015-0751 aArifin Nugroho,qR.0 aAku anak perempuan /cR. Arifin Nugroho ; ilustrator, Eka Ardy; editor, Indah Sri Utami aCetakan I, 2015 aYogyakarta :bKanisius,c2015 a36 halaman :bilustrasi, gambar ;c23 cm. 4aPendidikan seks untuk anak0 aEka Ardy0 aIndah Sri Utami aYOPDYOG aCB-D.11/2015-075 aCB-D.11/2015-075 a9129-KS/B.16 a9130-KS/B.16 a9131-KS/B.16 a9132-KS/B.16 a9133-KS/B.16 a9134-KS/B.16 a9135-KS/B.16 a9136-KS/B.16 a9137-KS/B.16 a9138-KS/B.16 a29410-PD/B.17 a29411-PD/B.17 a29412-PD/B.17 aCB-D.11/2015-075 a9129-KS/B.16 a9130-KS/B.16 a9131-KS/B.16 a9132-KS/B.16 a9133-KS/B.16 a9134-KS/B.16 a9135-KS/B.16 a9136-KS/B.16 a9137-KS/B.16 a9138-KS/B.16 a29410-PD/B.17 a29411-PD/B.17 a29412-PD/B.17